| 000 | 01245nab a2200289 i 4500 | ||
|---|---|---|---|
| 001 | 194803 | ||
| 003 | ES-MaACL | ||
| 005 | 20241210140231.0 | ||
| 008 | 240516e1946 sp ||||| |||| 00| 0 spa d | ||
| 040 |
_bspa _cES-MaACL |
||
| 080 | _a821.134.2 Cervantes Saavedra, Miguel de 7 Quijote.07 | ||
| 100 | 1 |
_aPemán, José María, _d1897-1981 _eaut _990130 |
|
| 245 | 1 | 0 |
_aDe la cuarta y definitiva salida de Don Quijote de La Mancha : _b[conferencia pronunciada en el Ateneo de Madrid el día 9 de noviembre de 1946] / _cpor José María Pemán |
| 260 |
_aMadrid, _c1947 |
||
| 300 | _aP. 8-32 | ||
| 336 |
_2rdacontent _atexto |
||
| 337 |
_2rdamedia _asin mediación |
||
| 338 |
_2rdacarrier _avolumen |
||
| 530 | _aDisponible en formato digital | ||
| 600 | 1 | 4 |
_937618 _aCervantes Saavedra, Miguel de, _d1547-1616. _tDon Quijote de la Mancha- _xCrítica e interpretación |
| 610 | 2 | 4 |
_91908 _aAteneo de Madrid- _vConferencias- _y1940-1982 |
| 773 |
_tRevista nacional de educación, _xISSN 0210-2269, _g1947, n. 68, p. 8-32 _01970 _w1970 _92009 |
||
| 856 |
_uhttp://hdl.handle.net/11162/71945 _yVersión en línea _z(Redined) |
||
| 942 |
_2udc _cANAB _n0 |
||
| 999 |
_c194803 _d194803 |
||